000 00319nam a2200121Ia 4500
005 20260328104313.0
008 260328s9999||||xx |||||||||||||| ||und||
245 0 _aWhat Life was Like in Europe's golden age Northern Europe Ad 1500-1675 /
260 _bTime Life
300 _a144 p.
650 _aEUROPA
942 _cREF
999 _c11049
_d11049